Leader xxxxxxxxxx
001 __ PCLIS00056093
005 __ 20201024130855.0
010 0_ |a9789865412159|b平裝
100 __ |a20200310d2019 demy0chiy09 e
101 0_ |achi
102 __ |atw
105 __ |aack z 000by
200 1_ |a相聲專輯|e單口對口說相聲 : 臺北市國民中小學相聲比賽優良成果專輯|h一○八年度|f李奕寬, 朱榮富總編輯
210 __ |a臺北市|c臺北市政府教育局|d民108.10[2019]
215 0_ |a111面|c圖, 像, 表|d21公分|e1 DVD
314 __ |a作者號取自北市教育局
516 11 |a108年度臺北市國民中小學相聲比賽優良成果專輯|zchi
517 1_ |a單口對口說相聲|zchi
517 1_ |a臺北市國民中小學相聲比賽優良成果專輯|zchi
517 1_ |a一○八年度臺北市國民中小學相聲比賽優良成果專輯|zchi
517 1_ |a相聲比賽優良成果專輯|zchi
606 __ |2cst|a相聲
606 __ |2cst|a劇本
606 __ |2cst|a作品集
681 __ |a858.9|b8647
681 __ |a863.54
701 _1 |a朱|b榮富|4總編輯
701 _1 |a李|b奕寬|4總編輯
710 02 |a臺北市政府|b教育局
801 _0 |bCYT
801 _1 |atw|b內湖高中|c20220621|gCCR
801 _2 |atw|b內湖高中|c20220621|gCCR
|